| 000 | 00799nam a2200229Ia 4500 | ||
|---|---|---|---|
| 003 | OSt | ||
| 005 | 20220923224151.0 | ||
| 006 | a|||||r|||| 00| 0 | ||
| 007 | ta | ||
| 008 | 220922b |||||||| |||| 00| 0 pan d | ||
| 024 | _a226,901 | ||
| 037 | _cTextual | ||
| 040 |
_aARTS _cARTS _bpan |
||
| 041 |
_2pan _apan |
||
| 082 | _aV2:517.N07, 153N8 | ||
| 100 | _aਜੋF, ਮੋਹਨ ਸਿੰਘ | ||
| 245 | 0 | _aਭਗਤ ਸਿੰਘ ਨਾਲ ਮੇਰੀਆਂ ਮੁਲਾਂਕਾਤਾਂ ਅਤੇ ਚਾਰ ਹੋਰ ਮੁਢੱਲੇ ਇਨਕਲਾਬੀ | |
| 260 |
_aਦਿੱਲੀ _b ਆਰਸੀ ਪਬਲੀFਰਗ਼ _c1958 |
||
| 300 |
_a124ਪੰ _ccm. |
||
| 942 |
_hV2:517.N07, 153N8 _cTEXL _2CC |
||
| 999 |
_c369664 _d369664 |
||